000 02541cam a22005294i 4500
003 PE-LiUPU
005 20250731165456.0
008 150623s r 000 0 d
020 _a1850755671
035 _a(Sirsi) i9781850755678
040 _aPE-LiUPU
_bspa
_cPE-LiUPU
_erda
049 _aPRUA
082 0 4 _a225.077
_bJS
_221
245 0 0 _aApproaches to New Testament Study.
_n120 /
_cEditado por Stanley E. Porter y David Tombs.
264 1 _aMidsomer Norton, Somerset, Great Britain :
_bSheffield Academic Press,
_c1995.
300 _a392 páginas ;
_c22 centímetros
336 _atext
_2rdacontent
337 _aunmediated
_2rdamedia
338 _avolume
_2rdacarrier
490 0 _aJournal for the study of the N.T. Supplement Series ;
_v120
504 _aBibliografía en cada capítulo.
505 0 _aIntroduction. -Source, form and redaction criticism: the `Traditional' methods of synoptic interpretation. -Jewish religious backgrounds of the New Testament: pharisees and Sadducees as case studies. -Literary approaches to the New testament: from formalism to deconstruction and back. -Rhetorical criticism of the New Testament: ancient and modern evaluations of argumentation. -Canonical criticism: an integrated reding of biblical texts for the community of faith. -Modern linguistics and the New Testament: a basic guide to thepry, terminology, and literature. -Social-scientific criticism of the New Testament: an appraisal and extended example. -The hermeneutics of liberation.
526 _aSEG44
526 _aSEG26
526 _aP151
526 _aP150
526 _aP149
526 _aP146
526 _aP145
526 _aP126
526 _aP125
526 _aP92
526 _aP75
526 _aP74
526 _aP27
526 _aP15
630 0 4 _aBiblia.
_pN.T.
_xCrítica, interpretación, etc.
630 0 4 _aBiblia.
_pN.T.
_xEstudio y enseñanza.
700 1 _aPorter, Stanley E.,
_eed.
700 1 _aTombs, David,
_eed.
942 _2ddc
_cBOOK
949 _aRC 225.077 JS 120
_wDEWEY
_c1
_i45039
_lCCODEBUL1
_mBUL
_r0
_sY
_tBOOK
_u2015-6-24
_xTEOLOGIA
_PP35
_0COMPRA
_o.CIRCNOTE. No olvidar cambiar la fecha de devolución!!!!!!!
_o.STAFF. Colección General
994 _aC0
_bPEPRU
596 _a1
999 _aRC 225.077 JS 120
_wDEWEY
_c21920
_i45039
_f2021-11-8
_g6
_lCCODEBUL1
_mBUL
_r1
_sY
_tBOOK
_u2015-6-24
_xTEOLOGIA
_PP35
_0COMPRA
_o.CIRCNOTE. No olvidar cambiar la fecha de devolución!!!!!!!
_o.STAFF. Colección General
_d21920
980 _81
_gALBERTO SANCHEZ Responsable de Automatización